000
00356nam a2200133Ia 4500
008
191206s9999 xx 000 0 und d
020
_a
9.78019E+12
090
_a
DA152.SA7
245
0
_a
Oxford guide to Arthurian literature and legend
260
_a
Oxford University Press
260
_c
c2005
300
_a
"xiv, 496 p. ; 24 cm."
999
_c
16639
_d
16639